LEADER 00896nam0-22003251i-450 001 990006508760403321 005 20201215131647.0 035 $a000650876 035 $aFED01000650876 035 $a(Aleph)000650876FED01 035 $a000650876 100 $a20010426d19629---km-y0itay50------ba 101 0 $aita 105 $ay-------001yy 200 1 $aRomans$fCeline$ged. presentee etablie et annotee par H. Godard 210 $aParis$cGallimard$d1962-9. 215 $a2 vol. 22 cm 225 1 $aII > 225 1 $aBibliotheque de la Pleiade$v20 < I 300 $aVol. I-II. 676 $a843 700 1$aCéline,$bLouis Ferdinand$f<1894-1961>$0386906 702 1$aGodard,$bHenri 801 0$aIT$bUNINA$gRICA$2UNIMARC 901 $aBK 912 $a990006508760403321 952 $aCOLLEZ. 660 (20)$b15340-15537$fFSPBC 959 $aFSPBC 996 $aRomans$9483956 997 $aUNINA LEADER 03557nam 22006492 450 001 9910454953103321 005 20151005020621.0 010 $a1-107-11993-6 010 $a0-511-00973-9 010 $a1-280-42907-0 010 $a0-511-17257-5 010 $a0-511-15140-3 010 $a0-511-31060-9 010 $a0-511-48819-X 010 $a0-511-04998-6 035 $a(CKB)111056485652544 035 $a(EBL)143919 035 $a(OCoLC)437072447 035 $a(SSID)ssj0000190097 035 $a(PQKBManifestationID)11937108 035 $a(PQKBTitleCode)TC0000190097 035 $a(PQKBWorkID)10165860 035 $a(PQKB)10961923 035 $a(UkCbUP)CR9780511488191 035 $a(MiAaPQ)EBC143919 035 $a(Au-PeEL)EBL143919 035 $a(CaPaEBR)ebr10014892 035 $a(CaONFJC)MIL42907 035 $a(EXLCZ)99111056485652544 100 $a20090227d2000|||| uy| 0 101 0 $aeng 135 $aur||||||||||| 181 $ctxt$2rdacontent 182 $cc$2rdamedia 183 $acr$2rdacarrier 200 10$aLeadership and lifestyle $ethe portrait of Paul in the Miletus speech and 1 Thessalonians /$fSteve Walton$b[electronic resource] 210 1$aCambridge :$cCambridge University Press,$d2000. 215 $a1 online resource (xiv, 256 pages) $cdigital, PDF file(s) 225 1 $aSociety for New Testament Studies monograph series ;$v108 300 $aTitle from publisher's bibliographic system (viewed on 05 Oct 2015). 311 $a0-521-03638-0 311 $a0-521-78006-3 320 $aIncludes bibliographical references (p. 215-239) and indexes. 327 $aPreliminaries; Contents; Acknowledgements; Abbreviations; 1 Why study the Miletus speech?; 2 Are Parallels in the Eye of the Beholder?; 3 The Miletus speech in context; Excursus 1: The text and translation of acts 20.28B; 4 The Miletus speech and Luke's Gospel; Excursus 2: The text of Luke 22.17-20; 5 The Miletus speech and 1 Thessalonians; 6 The Miletus speech, Ephesians and 2 Timothy; 7 Concluding reflections; Bibliography; Index of ancient texts; Index of modern authors; Index of subjects 330 $aThis study contributes to debate about the portraits of Paul in Acts and his epistles by considering Paul's Miletus speech (Acts 20.18b-35) and identifies and compares major themes in Luke and Paul's views of Christian leadership. Comparisons with Jesus' speeches in Luke show how Lukan the speech is and, with 1 Thessalonians, how Pauline it is. The speech calls the Ephesian elders to service after Paul's departure to Jerusalem, focusing on: faithful fulfilment of leadership responsibility; suffering; attitudes to wealth and work; and the death of Jesus. Paul models Christian leadership for the elders. Parallels in Luke highlight his view of Christian leadership - modelled by Jesus and taught to his disciples, and modelled by Paul and taught to the elders. Study of 1 Thessalonians identifies a remarkably similar portrait of Christian leadership. The Miletus speech is close in thought, presentation and vocabulary to an early, indubitably Pauline letter. 410 0$aMonograph series (Society for New Testament Studies) ;$v108. 517 3 $aLeadership & Lifestyle 606 $aLeadership$xBiblical teaching 615 0$aLeadership$xBiblical teaching. 676 $a225.9/2 700 $aWalton$b Steve$cDr,$01040646 801 0$bUkCbUP 801 1$bUkCbUP 906 $aBOOK 912 $a9910454953103321 996 $aLeadership and lifestyle$92463663 997 $aUNINA